00409 a2200109 4500001001000000005001700010008004100027245009700068100003400165773008300199999001700282ART_4482220260410162005.0260409a 10aEl índice compuesto coincidente mensual de la actividad económica de Córdoba (ICA-COR)1 aMichel Rivero, Andrés David0 tRevista de economía y estadísticag- Vol. XLV, Nº 1 (oct. 2007)wREV34359 c31597d31597